Union européenne : décrochage économique et changement de logiciel (notice n° 1840587)
[ vue normale ]
| 000 -LEADER | |
|---|---|
| fixed length control field | 01771cam a2200217 4500500 |
| 005 - DATE AND TIME OF LATEST TRANSACTION | |
| control field | 20260329005129.0 |
| 041 ## - LANGUAGE CODE | |
| Language code of text/sound track or separate title | fre |
| 042 ## - AUTHENTICATION CODE | |
| Authentication code | dc |
| 100 10 - MAIN ENTRY--PERSONAL NAME | |
| Personal name | Maillard, Sébastien |
| Relator term | author |
| 245 00 - TITLE STATEMENT | |
| Title | Union européenne : décrochage économique et changement de logiciel |
| 260 ## - PUBLICATION, DISTRIBUTION, ETC. | |
| Date of publication, distribution, etc. | 2026.<br/> |
| 500 ## - GENERAL NOTE | |
| General note | 88 |
| 520 ## - SUMMARY, ETC. | |
| Summary, etc. | Alors que sa compétitivité est de plus en plus distancée par la Chine et les États-Unis, l’Union européenne révise en partie ses politiques économiques. Elle se dote de nouveaux instruments plus interventionnistes et protecteurs pour relancer son industrie, en particulier dans la défense, et rouvre le chantier de l’achèvement de son marché intérieur pour stimuler sa croissance en l’autonomisant. Il s’agit d’articuler la relance de la production intérieure avec la diversification offerte par les accords de libre-échange.politique étrangère |
| 520 ## - SUMMARY, ETC. | |
| Summary, etc. | Increasingly left behind in the competitiveness stakes by China and the United States, the European Union is revising its economic policy. It is introducing new, more interventionist and protectionist instruments to revive its industry, particularly in the defense sector, and is restarting efforts to complete the internal market in the hope that greater autonomy will stimulate growth. The challenge is to combine the revitalization of internal production with the diversification offered by free trade agreements. |
| 690 ## - LOCAL SUBJECT ADDED ENTRY--TOPICAL TERM (OCLC, RLIN) | |
| Topical term or geographic name as entry element | Échanges commerciaux |
| 690 ## - LOCAL SUBJECT ADDED ENTRY--TOPICAL TERM (OCLC, RLIN) | |
| Topical term or geographic name as entry element | Marché intérieur |
| 690 ## - LOCAL SUBJECT ADDED ENTRY--TOPICAL TERM (OCLC, RLIN) | |
| Topical term or geographic name as entry element | Politique industrielle |
| 690 ## - LOCAL SUBJECT ADDED ENTRY--TOPICAL TERM (OCLC, RLIN) | |
| Topical term or geographic name as entry element | Union européenne |
| 786 0# - DATA SOURCE ENTRY | |
| Note | Politique étrangère | Pritemps | 1 | 2026-03-05 | p. 31-43 | 0032-342X |
| 856 41 - ELECTRONIC LOCATION AND ACCESS | |
| Uniform Resource Identifier | <a href="https://shs.cairn.info/revue-politique-etrangere-2026-1-page-31?lang=fr&redirect-ssocas=7080">https://shs.cairn.info/revue-politique-etrangere-2026-1-page-31?lang=fr&redirect-ssocas=7080</a> |
Pas d'exemplaire disponible.




Réseaux sociaux